<?xml version="1.0" encoding="UTF-8"?><?xml-stylesheet type="text/xsl" href="static/style.xsl"?><OAI-PMH xmlns="http://www.openarchives.org/OAI/2.0/" xmlns:xsi="http://www.w3.org/2001/XMLSchema-instance" xsi:schemaLocation="http://www.openarchives.org/OAI/2.0/ http://www.openarchives.org/OAI/2.0/OAI-PMH.xsd"><responseDate>2026-04-17T17:30:20Z</responseDate><request verb="GetRecord" identifier="oai:www.recercat.cat:11351/11102" metadataPrefix="marc">https://recercat.cat/oai/request</request><GetRecord><record><header><identifier>oai:recercat.cat:11351/11102</identifier><datestamp>2025-10-24T10:31:37Z</datestamp><setSpec>com_2072_378070</setSpec><setSpec>com_2072_378040</setSpec><setSpec>col_2072_378092</setSpec></header><metadata><record xmlns="http://www.loc.gov/MARC21/slim" xmlns:dcterms="http://purl.org/dc/terms/" xmlns:xsi="http://www.w3.org/2001/XMLSchema-instance" xmlns:doc="http://www.lyncode.com/xoai" xsi:schemaLocation="http://www.loc.gov/MARC21/slim http://www.loc.gov/standards/marcxml/schema/MARC21slim.xsd">
   <leader>00925njm 22002777a 4500</leader>
   <datafield ind2=" " ind1=" " tag="042">
      <subfield code="a">dc</subfield>
   </datafield>
   <datafield ind2=" " ind1=" " tag="720">
      <subfield code="a">Graf, Christiana</subfield>
      <subfield code="e">author</subfield>
   </datafield>
   <datafield ind2=" " ind1=" " tag="720">
      <subfield code="a">D'Ambrosio, Roberta</subfield>
      <subfield code="e">author</subfield>
   </datafield>
   <datafield ind2=" " ind1=" " tag="720">
      <subfield code="a">Degasperi, Elisabetta</subfield>
      <subfield code="e">author</subfield>
   </datafield>
   <datafield ind2=" " ind1=" " tag="720">
      <subfield code="a">Paolucci, Stefania</subfield>
      <subfield code="e">author</subfield>
   </datafield>
   <datafield ind2=" " ind1=" " tag="720">
      <subfield code="a">Llaneras Artigues, Jordi</subfield>
      <subfield code="e">author</subfield>
   </datafield>
   <datafield ind2=" " ind1=" " tag="720">
      <subfield code="a">Vermehren, Johannes</subfield>
      <subfield code="e">author</subfield>
   </datafield>
   <datafield ind2=" " ind1=" " tag="720">
      <subfield code="a">Buti Ferret, Maria</subfield>
      <subfield code="e">author</subfield>
   </datafield>
   <datafield ind2=" " ind1=" " tag="260">
      <subfield code="c">2024-02-22T10:29:06Z</subfield>
   </datafield>
   <datafield ind2=" " ind1=" " tag="260">
      <subfield code="c">2024-02-22T10:29:06Z</subfield>
   </datafield>
   <datafield ind2=" " ind1=" " tag="260">
      <subfield code="c">2024-03</subfield>
   </datafield>
   <datafield ind2=" " ind1=" " tag="520">
      <subfield code="a">Hepatitis C virus; Voxilaprevir</subfield>
   </datafield>
   <datafield ind2=" " ind1=" " tag="520">
      <subfield code="a">Virus de l'hepatitis C; Voxilaprevir</subfield>
   </datafield>
   <datafield ind2=" " ind1=" " tag="520">
      <subfield code="a">Virus de la hepatitis C; Voxilaprevir</subfield>
   </datafield>
   <datafield ind2=" " ind1=" " tag="520">
      <subfield code="a">Background &amp; Aims&#xd;
Voxilaprevir/velpatasvir/sofosbuvir (VOX/VEL/SOF) is highly effective for re-treatment of direct-acting antiviral (DAA)-experienced patients with chronic HCV infection. In the present study, predictors of virologic treatment response were analyzed in an integrative analysis of three large real-world cohorts.&#xd;
Methods&#xd;
Consecutive patients re-treated with VOX/VEL/SOF after DAA failure were enrolled between 2016 and 2021 in Austria, Belgium, Germany, Italy, Spain and Switzerland.&#xd;
Results&#xd;
A total of 746 patients were included: median age was 56 (16-88) years and 77% were male. Most patients were infected with HCV genotype 1 (56%) and 3 (32%). 86% of patients carried resistance-associated substitutions in the NS3, NS5A or NS5B regions. Overall, 95.4% (683/716) of patients achieved a sustained virologic response. Treatment effectiveness was significantly affected by advanced liver disease (p &lt;0.001), hepatocellular carcinoma (p &lt;0.001), higher baseline ALT levels (p = 0.02), HCV genotype 3 (p &lt;0.001), and prior VEL/SOF treatment (p = 0.01). In a multivariate analysis, only HCV genotype 3, hepatocellular carcinoma and cirrhosis turned out to be independent predictors of treatment failure. Resistance-associated substitutions, as well as the presence of rare genotypes, did not impact treatment outcome. The effectiveness of rescue therapy with glecaprevir/pibrentasvir and SOF, with or without ribavirin, for 12 to 24 weeks was found to be high (100%).&#xd;
Conclusions&#xd;
Infection with HCV genotype 3, the presence of liver cancer and cirrhosis are independently associated with failure of VOX/VEL/SOF re-treatment. It is unclear whether the addition of ribavirin and/or extension of treatment duration may be effective to avoid virologic relapse on VOX/VEL/SOF. However, rescue treatment with glecaprevir/pibrentasvir+SOF seems to be effective.&#xd;
Impact and implications&#xd;
Representative data on the effectiveness of voxilaprevir/velpatasvir/sofosbuvir (VOX/VEL/SOF) in clinical practice are still scarce and the collection of a larger number of patients with difficult-to-treat cofactors including the assessment of resistance-associated substitution profiles is required before more specific recommendations for optimal re-treatment in these patients can be given. Thus, we aimed to analyze treatment effectiveness and predictors of virologic response to VOX/VEL/SOF in an integrative analysis of three large real-word cohorts. The study results, derived from a multicenter cohort consisting of 746 patients, demonstrated that re-treatment with VOX/VEL/SOF is an effective salvage therapy associated with an overall per protocol sustained virologic response rate of 95%. Hepatocellular carcinoma onset, cirrhosis and HCV genotype 3 were identified as independent negative predictors of treatment response, whereas resistance-associated substitutions, as well as rare genotypes and chimera, did not impact sustained virologic response rates following re-treatment with VOX/VEL/SOF.</subfield>
   </datafield>
   <datafield ind2=" " ind1=" " tag="520">
      <subfield code="a">This study was supported by a DZIF (German Center for Infection Research) grant entitled ‘HCV Treatment Optimization’ to CS and JD (TTU 05.809).</subfield>
   </datafield>
   <datafield ind1="8" ind2=" " tag="024">
      <subfield code="a">http://hdl.handle.net/11351/11102</subfield>
   </datafield>
   <datafield tag="653" ind2=" " ind1=" ">
      <subfield code="a">Hepatitis C - Tractament</subfield>
   </datafield>
   <datafield tag="653" ind2=" " ind1=" ">
      <subfield code="a">Medicaments antivírics - Ús terapèutic</subfield>
   </datafield>
   <datafield tag="653" ind2=" " ind1=" ">
      <subfield code="a">DISEASES::Digestive System Diseases::Liver Diseases::Hepatitis::Hepatitis, Chronic::Digestive System Diseases::Liver Diseases::Hepatitis::Hepatitis C, Chronic</subfield>
   </datafield>
   <datafield tag="653" ind2=" " ind1=" ">
      <subfield code="a">CHEMICALS AND DRUGS::Chemical Actions and Uses::Pharmacologic Actions::Therapeutic Uses::Anti-Infective Agents::Antiviral Agents</subfield>
   </datafield>
   <datafield tag="653" ind2=" " ind1=" ">
      <subfield code="a">ANALYTICAL, DIAGNOSTIC AND THERAPEUTIC TECHNIQUES, AND EQUIPMENT::Therapeutics::Retreatment</subfield>
   </datafield>
   <datafield tag="653" ind2=" " ind1=" ">
      <subfield code="a">ENFERMEDADES::enfermedades del sistema digestivo::enfermedades hepáticas::hepatitis::hepatitis crónica::enfermedades del sistema digestivo::enfermedades hepáticas::hepatitis::hepatitis C crónica</subfield>
   </datafield>
   <datafield tag="653" ind2=" " ind1=" ">
      <subfield code="a">COMPUESTOS QUÍMICOS Y DROGAS::acciones y usos químicos::acciones farmacológicas::usos terapéuticos::antiinfecciosos::antivíricos</subfield>
   </datafield>
   <datafield tag="653" ind2=" " ind1=" ">
      <subfield code="a">TÉCNICAS Y EQUIPOS ANALÍTICOS, DIAGNÓSTICOS Y TERAPÉUTICOS::terapéutica::retratamiento</subfield>
   </datafield>
   <datafield ind2="0" ind1="0" tag="245">
      <subfield code="a">Real-world effectiveness of voxilaprevir/velpatasvir/sofosbuvir in patients following DAA failure</subfield>
   </datafield>
</record></metadata></record></GetRecord></OAI-PMH>